000 nam a22 a 4500
999 _c524
_d524
005 20170504103341.0
008 170504b1987 xxu||||| |||| 00| 0 eng d
040 _aAKMAL
082 _a153.6 REA
090 _a153.6
_bREA
100 _aReardon, Kathleen K.
_91178
245 _aInterpersonal communication
_bwhere minds meet.
260 _bWadsworth
_c1987.
300 _ccm
599 _aDALAM PROSES
852 _aBritish Library
_bDSC
942 _2ddc
_cBOOK